| 000 | 00963nam a2200229 a 4500 | ||
|---|---|---|---|
| 001 | 000199267 | ||
| 003 | AM-YeHGA | ||
| 005 | 20250617123928.0 | ||
| 008 | 001130s1977 ru |||||r|||||||||0|rus|d | ||
| 020 | _c00.54 | ||
| 040 | _aAM-YeHGA | ||
| 041 | 0 | _arus | |
| 100 | 1 | _aКрутецкий, Иринарх Васильевич | |
| 245 | 1 | 0 |
_aФизика атомов и молекул : _bУчебное пособие по курсу общей физики / _cИ.В. Крутецкий, В.И. Скрябин : М-во высш. и ср. спец. обр. РСФСР. Северо-Западный заочный политехнический ин-т. |
| 260 |
_aЛ. : _bСЗПИ, _c1977. |
||
| 300 | _a76 с. | ||
| 650 | 1 | 4 | _aФизика атомов |
| 700 | 1 | _aСкрябин, Василий Иванович | |
| 710 | 2 | _aСеверо-Западный заочный политехнический ин-т | |
| 942 |
_2udc _cBK |
||
| 090 | _c70102 | ||
| 999 |
_c68923 _d68923 |
||